Синтез ПД-регулятора на основе упрощенной модели самоусиливающегося электрогидравлического тормоза; Современные техника и технологии; Т. 2

Opis bibliograficzny
Parent link:Современные техника и технологии: сборник трудов XVII международной научно-практической конференции студентов, аспирантов и молодых ученых, Томск, 18-22 апреля 2011 г/ Национальный исследовательский Томский политехнический университет (ТПУ).— , 2011
Т. 2.— 2011.— [С. 422-423]
1. autor: Сейтбатталулы Г.
Kolejni autorzy: Старых А. А. Алексей Анатольевич (научный руководитель)
Streszczenie:Заглавие с титульного экрана
Język:rosyjski
Wydane: 2011
Seria:Информатика и управление в технических системах
Hasła przedmiotowe:
Dostęp online:http://www.lib.tpu.ru/fulltext/c/2011/C01/V02/206.pdf
Format: MixedMaterials Elektroniczne Rozdział
KOHA link:https://koha.lib.tpu.ru/cgi-bin/koha/opac-detail.pl?biblionumber=234896

MARC

LEADER 00000naa2a2200000 4500
001 234896
005 20260210115301.0
035 |a (RuTPU)RU\TPU\book\256025 
035 |a RU\TPU\book\256020 
090 |a 234896 
100 |a 20130401d2011 k y0rusy50 ca 
101 0 |a rus 
102 |a RU 
135 |a drnn ---uucaa 
181 0 |a i  
182 0 |a b 
200 1 |a Синтез ПД-регулятора на основе упрощенной модели самоусиливающегося электрогидравлического тормоза  |f Г. Сейтбатталулы, А. А. Старых  |g науч. рук. А. А. Старых 
203 |a Текст  |c электронный 
225 1 |a Информатика и управление в технических системах 
300 |a Заглавие с титульного экрана 
320 |a [Библиогр.: с. 423 (7 назв.)] 
337 |a Adobe Reader 
461 1 |0 (RuTPU)RU\TPU\book\255301  |t Современные техника и технологии  |o сборник трудов XVII международной научно-практической конференции студентов, аспирантов и молодых ученых, Томск, 18-22 апреля 2011 г  |o в 3 т.  |f Национальный исследовательский Томский политехнический университет (ТПУ)  |d 2011 
463 1 |0 (RuTPU)RU\TPU\book\255307  |t Т. 2  |v [С. 422-423]  |d 2011 
610 1 |a труды учёных ТПУ 
610 1 |a электронный ресурс 
610 1 |a синтез 
610 1 |a регуляторы 
610 1 |a упрощенные модели 
610 1 |a тормоза 
610 1 |a системы управления 
700 1 |a Сейтбатталулы  |b Г. 
701 1 |a Старых  |b А. А.  |c российский ученый, специалист в области электроэнергетических систем  |c доцент Томского политехнического университета, кандидат технических наук  |f 1983-  |g Алексей Анатольевич  |3 (RuTPU)RU\TPU\pers\29996 
702 1 |a Старых  |b А. А.  |c российский ученый, специалист в области электроэнергетических систем  |c доцент Томского политехнического университета, кандидат технических наук  |f 1983-  |g Алексей Анатольевич  |3 (RuTPU)RU\TPU\pers\29996  |4 727 
801 2 |a RU  |b 63413507  |c 20130416  |g RCR 
856 4 |u http://www.lib.tpu.ru/fulltext/c/2011/C01/V02/206.pdf 
942 |c CF